[Event "Nizhnij Tagil Stone Flower-B"]
[Site "Nizhnij Tagil"]
[Date "2010.12.17"]
[Round "10"]
[White "Pershina, Elena"]
[Black "Rassokhina, Ekaterina"]
[Result "1-0"]
[WhiteElo "2035"]
[BlackElo "2080"]
[PlyCount "113"]
[EventDate "2010.12.11"]
[EventType "tourn"]
[EventRounds "12"]
[EventCountry "RUS"]
[SourceTitle "EXT 2022"]
[Source "ChessBase"]
[SourceDate "2021.10.06"]
[SourceVersion "1"]
[SourceVersionDate "2021.10.06"]
[SourceQuality "1"]

1. c4 e6 2. Nc3 d5 3. d4 Nf6 4. cxd5 exd5 5. Bg5 Nbd7 6. e3 Be7 7. Bd3 c6 8. Qc2 0-0 9. Nge2 Re8 10. 0-0 Nf8 11. f3 Nh5 12. Bxe7 Qxe7 13. e4 dxe4 14. fxe4 c5 15. Nd5 Qd8 16. Qxc5 Be6 17. Nc7 b6 18. Qxh5 Qxc7 19. Rac1 Qd7 20. Bb5 Qe7 21. Bxe8 Rxe8 22. d5 g6 23. Qe5 Nd7 24. Qd4 Bg4 25. Ng3 Ne5 26. Rc3 h5 27. h3 Bd7 28. Rfc1 Bb5 29. Rc8 Qg5 30. Rxe8+ Bxe8 31. Rc3 h4 32. Nf1 Bb5 33. Nh2 Qf6 34. Qf2 Qg5 35. Nf3 Nxf3+ 36. Qxf3 Kg7 37. Rc7 Be8 38. Qc3+ Kh7 39. d6 Qh5 40. Qd2 Qe5 41. d7 Bxd7 42. Qxd7 Kh6 43. Qd2+ Kh7 44. Rxf7+ Kg8 45. Rf1 Kh7 46. Qd7+ Kh6 47. Qg4 Qe7 48. Kh1 b5 49. Qf4+ Kh5 50. e5 b4 51. Qf6 Qc5 52. Qf3+ Kg5 53. Qg4+ Kh6 54. Qxh4+ Kg7 55. Qf6+ Kh7 56. Qf7+ Kh8 57. Qf8+ 1-0

[Event "Nizhnij Tagil Stone Flower-B"]
[Site "Nizhnij Tagil"]
[Date "2010.12.17"]
[Round "11"]
[White "Rassokhina, Ekaterina"]
[Black "Pleshkevich, Konstantin"]
[Result "0-1"]
[WhiteElo "2080"]
[BlackElo "1897"]
[PlyCount "102"]
[EventDate "2010.12.11"]
[EventType "tourn"]
[EventRounds "12"]
[EventCountry "RUS"]
[SourceTitle "EXT 2022"]
[Source "ChessBase"]
[SourceDate "2021.10.06"]
[SourceVersion "1"]
[SourceVersionDate "2021.10.06"]
[SourceQuality "1"]

1. d4 Nf6 2. c4 g6 3. Nc3 d5 4. cxd5 Nxd5 5. e4 Nxc3 6. bxc3 Bg7 7. Be3 0-0 8. Qd2 c5 9. Rc1 cxd4 10. cxd4 b6 11. Nf3 Bb7 12. Bd3 Nc6 13. d5 Ne5 14. Nxe5 Bxe5 15. Bh6 Bg7 16. Bxg7 Kxg7 17. 0-0 Rc8 18. f4 Rxc1 19. Qxc1 Qd6 20. Qb2+ Kg8 21. f5 Qc5+ 22. Kh1 Qe3 23. Qb1 Rc8 24. fxg6 hxg6 25. Re1 Qf4 26. Qd1 Rc3 27. Rf1 Qe3 28. Qa4 Kf8 29. Bb5 a5 30. h3 Bc8 31. Bd7 Rc1 32. Rxc1 Qxc1+ 33. Kh2 Qc7+ 34. e5 Bxd7 35. Qd4 f6 36. d6 exd6 37. exd6 Qd8 38. Qh4 Kg7 39. Qd4 b5 40. h4 Qe8 41. Qd2 Qe5+ 42. Kh1 b4 43. Qc2 Qxd6 44. h5 gxh5 45. Qe2 Bg4 46. Qb5 Qe5 47. Qb7+ Kh6 48. Qf7 Kg5 49. Qg7+ Kh4 50. a3 Kg3 51. Qa7 Qe1+ 0-1

[Event "Nizhnij Tagil Stone Flower-B"]
[Site "Nizhnij Tagil"]
[Date "2010.12.15"]
[Round "7"]
[White "Rassokhina, Ekaterina"]
[Black "Semenova, Elena"]
[Result "0-1"]
[WhiteElo "2080"]
[BlackElo "2129"]
[PlyCount "128"]
[EventDate "2010.12.11"]
[EventType "tourn"]
[EventRounds "12"]
[EventCountry "RUS"]
[SourceTitle "EXT 2022"]
[Source "ChessBase"]
[SourceDate "2021.10.06"]
[SourceVersion "1"]
[SourceVersionDate "2021.10.06"]
[SourceQuality "1"]

1. d4 d5 2. c4 e6 3. Nf3 Nf6 4. Nc3 Be7 5. Bg5 h6 6. Bh4 Ne4 7. Bxe7 Qxe7 8. Nxe4 dxe4 9. Ne5 0-0 10. g3 Rd8 11. Bg2 f6 12. Ng6 Qb4+ 13. Qd2 Qxd2+ 14. Kxd2 Kf7 15. Nf4 g5 16. Nh5 e5 17. Bxe4 f5 18. Bd5+ Kg6 19. g4 c6 20. Bg2 Rxd4+ 21. Kc3 Rxg4 22. Bf3 Rd4 23. Ng3 Be6 24. b3 Na6 25. e3 Rd7 26. b4 Rad8 27. Rad1 g4 28. Rxd7 Rxd7 29. Be2 c5 30. b5 Nc7 31. h3 gxh3 32. Nh5 Ne8 33. Rxh3 Rd8 34. f4 e4 35. Rh1 Kh7 36. Rg1 Bf7 37. Kc2 Rd6 38. Ng3 Ng7 39. Nf1 Rg6 40. Rxg6 Bxg6 41. Nd2 Bh5 42. Bxh5 Nxh5 43. Nb3 b6 44. a4 Nf6 45. a5 Ne8 46. a6 h5 47. Kd1 Kg6 48. Ke2 h4 49. Kf2 Kh5 50. Kg2 Kg4 51. Nd2 Nd6 52. Kh2 h3 53. Kg1 Kg3 54. Nf1+ Kf3 55. Kh2 Nxc4 56. Kxh3 Nxe3 57. Nd2+ Kxf4 58. Nb3 Nd5 59. Kg2 Ke3 60. Kf1 f4 61. Na1 f3 62. Ke1 f2+ 63. Kf1 Kf3 64. Nc2 Ne3+ 0-1

[Event "Nizhnij Tagil Stone Flower-B"]
[Site "Nizhnij Tagil"]
[Date "2010.12.13"]
[Round "4"]
[White "Pleshkevich, Konstantin"]
[Black "Rassokhina, Ekaterina"]
[Result "0-1"]
[WhiteElo "1897"]
[BlackElo "2080"]
[PlyCount "114"]
[EventDate "2010.12.11"]
[EventType "tourn"]
[EventRounds "12"]
[EventCountry "RUS"]
[SourceTitle "EXT 2022"]
[Source "ChessBase"]
[SourceDate "2021.10.06"]
[SourceVersion "1"]
[SourceVersionDate "2021.10.06"]
[SourceQuality "1"]

1. b4 e5 2. a3 d5 3. Bb2 Bd6 4. e3 Nf6 5. c4 c6 6. Nf3 Qe7 7. Be2 Bg4 8. d3 Nbd7 9. Nbd2 0-0 10. 0-0 e4 11. dxe4 dxe4 12. Ne1 Bxe2 13. Qxe2 Ne5 14. c5 Bc7 15. Nc4 Neg4 16. g3 Rad8 17. Nc2 Ne5 18. Nxe5 Bxe5 19. Nd4 Nd5 20. Qg4 Bxd4 21. Bxd4 f5 22. Qe2 f4 23. gxf4 Nxf4 24. Qc4+ Nd5 25. Qe2 Rf3 26. Kh1 Qh4 27. Be5 Nf6 28. Bxf6 Qxf6 29. Qc4+ Rd5 30. Qxe4 h5 31. Rad1 Rxf2 32. Rxf2 Qxf2 33. Qe8+ Kh7 34. Qe4+ Kh6 35. Rg1 Rf5 36. Qe7 Qf3+ 37. Rg2 Rf7 38. Qg5+ Kh7 39. Qg6+ Kh8 40. Qg3 Qe4 41. h3 h4 42. Qg5 Re7 43. Kh2 Kg8 44. Rg4 Qxe3 45. Qxh4 Rd7 46. Rg2 Rd3 47. Qg3 Qd4 48. Qe1 Re3 49. Qd2 Qe5+ 50. Kg1 Rxh3 51. Qa2+ Kh8 52. Qd2 Qe3+ 53. Qxe3 Rxe3 54. Rd2 Rxa3 55. Rd7 a5 56. Rxb7 axb4 57. Rxb4 Rc3 0-1

[Event "Nizhnij Tagil Stone Flower-B"]
[Site "Nizhnij Tagil"]
[Date "2010.12.11"]
[Round "1"]
[White "Trubitsyna, Yulia"]
[Black "Rassokhina, Ekaterina"]
[Result "1-0"]
[WhiteElo "2050"]
[BlackElo "2080"]
[PlyCount "101"]
[EventDate "2010.12.11"]
[EventType "tourn"]
[EventRounds "12"]
[EventCountry "RUS"]
[SourceTitle "EXT 2022"]
[Source "ChessBase"]
[SourceDate "2021.10.06"]
[SourceVersion "1"]
[SourceVersionDate "2021.10.06"]
[SourceQuality "1"]

1. Nf3 d5 2. g3 Nc6 3. Bg2 e5 4. d3 Nf6 5. 0-0 Bf5 6. c3 Qd7 7. Nbd2 0-0-0 8. b4 e4 9. b5 Na5 10. dxe4 dxe4 11. Nd4 Bc5 12. N2b3 Nxb3 13. Qxb3 Bxd4 14. cxd4 Be6 15. Qa3 Kb8 16. Bg5 Bh3 17. Rab1 Bxg2 18. Kxg2 h6 19. Bxf6 gxf6 20. Rb4 Qe7 21. e3 Rd5 22. Rfb1 Rxb5 23. Qc3 Rxb4 24. Rxb4 h5 25. h4 f5 26. Qb2 c6 27. d5 Rc8 28. dxc6 Rxc6 29. Rb5 Qd7 30. Qe5+ Kc8 31. Rd5 f6 32. Qd4 Qe6 33. Rd8+ Kc7 34. Rh8 b6 35. Qd8+ Kb7 36. Rh7+ Ka6 37. Qb8 Kb5 38. Qxa7 Qd5 39. Rxh5 Rc2 40. a4+ Kb4 41. Qxb6+ Ka3 42. Qb1 Qc5 43. Rxf5 Qxf5 44. Qxc2 Qf3+ 45. Kg1 Kb4 46. h5 Qxh5 47. Qxe4+ Ka5 48. Kg2 Kb6 49. Qd4+ Ka5 50. Qxf6 Kxa4 51. Qh4+ 1-0

[Event "Bykova Memorial op (Women)"]
[Site "Suzdal"]
[Date "2009.12.16"]
[Round "8"]
[White "Smirnova, Ekaterina"]
[Black "Rassokhina, Ekaterina"]
[Result "0-1"]
[WhiteElo "1778"]
[BlackElo "2116"]
[PlyCount "150"]
[EventDate "2009.12.09"]
[EventType "swiss"]
[EventRounds "9"]
[EventCountry "RUS"]
[SourceTitle "EXT 2011"]
[Source "ChessBase"]
[SourceDate "2010.11.26"]
[SourceVersion "1"]
[SourceVersionDate "2010.11.26"]
[SourceQuality "1"]

1. e4 c5 2. Nf3 e6 3. d4 cxd4 4. Nxd4 Nf6 5. Nc3 Nc6 6. Nxc6 bxc6 7. e5 Nd5 8. Ne4 Qc7 9. f4 Qb6 10. c4 Bb4+ 11. Ke2 Ba6 12. Kf3 f5 13. exf6 Nxf6 14. Be3 Qa5 15. Nxf6+ gxf6 16. Kf2 Ke7 17. Bd3 Bc5 18. Re1 Rab8 19. b3 Qb6 20. Qf3 Kd8 21. Rad1 Kc7 22. Bc2 d5 23. Bxc5 Qxc5+ 24. Qe3 Qxe3+ 25. Rxe3 Rbe8 26. cxd5 cxd5 27. f5 Kd6 28. fxe6 Rxe6 29. Rxe6+ Kxe6 30. Re1+ Kd6 31. Bf5 Bc8 32. Bd3 Be6 33. b4 h5 34. a4 h4 35. Re3 Rb8 36. Bb5 Rb6 37. Rf3 a6 38. Bd3 Rxb4 39. Bxa6 Rxa4 40. Be2 Ke5 41. Re3+ Re4 42. Ra3 Bg4 43. Bxg4 Rxg4 44. Kf3 Rf4+ 45. Ke3 Rc4 46. Ra8 Rc3+ 47. Kd2 Rb3 48. Ke2 Ke4 49. Re8+ Kd4 50. Rh8 h3 51. Rh4+ Ke5 52. gxh3 Rb2+ 53. Ke3 Rxh2 54. Rh5+ f5 55. Rh8 d4+ 56. Kd3 Rh1 57. Re8+ Kf4 58. Kxd4 Rxh3 59. Rf8 Rh7 60. Kd3 Re7 61. Rf6 Kg4 62. Rg6+ Kf3 63. Rf6 Rd7+ 64. Kc2 f4 65. Rf8 Ke3 66. Re8+ Kf2 67. Rf8 f3 68. Rf6 Kg2 69. Rg6+ Kf1 70. Rf6 f2 71. Rg6 Rd4 72. Kc3 Rh4 73. Kd2 Rh2 74. Ra6 Kg1 75. Rg6+ Rg2 0-1

[Event "RUS-ch U18 Girls"]
[Site "Dagomys"]
[Date "2009.04.18"]
[Round "4"]
[White "Korchenkova, Irina"]
[Black "Rassokhina, Ekaterina"]
[Result "0-1"]
[WhiteElo "2105"]
[BlackElo "2120"]
[PlyCount "70"]
[EventDate "2009.04.15"]
[EventType "swiss"]
[EventRounds "9"]
[EventCountry "RUS"]
[SourceTitle "CBM 130 Extra"]
[Source "ChessBase"]
[SourceDate "2009.07.02"]
[SourceVersion "2"]
[SourceVersionDate "2009.07.15"]
[SourceQuality "1"]

1. e4 c5 2. Nf3 Nc6 3. Bb5 g6 4. 0-0 Bg7 5. Re1 Nf6 6. e5 Nd5 7. Nc3 Nc7 8. Bxc6 dxc6 9. Ne4 b6 10. Nf6+ Bxf6 11. exf6 Be6 12. fxe7 Qxe7 13. Ne5 f6 14. Nf3 0-0-0 15. d3 Qd6 16. a3 Rhe8 17. Be3 Kb7 18. Qd2 Nd5 19. Reb1 Bg4 20. Ne1 Nxe3 21. fxe3 Qe5 22. h3 Bc8 23. Kf2 f5 24. Nf3 Qf6 25. b4 c4 26. Rf1 g5 27. Kg1 h5 28. Rad1 g4 29. hxg4 hxg4 30. Nd4 Qh6 31. Nxf5 Bxf5 32. Rxf5 g3 33. Re1 Rf8 34. Rf4 Rde8 35. dxc4 Qh2+ 0-1